000 00582nam a2200193 a 4500
005 20140310183435.0
008 080204s19uu xx 00 eng d
020 _a0470834692
050 _aT 396
_b.Si568 2005
100 _aSiskind, Barry
245 _aPowerful exhibit marketing :
_bthe complete guide to successful trade shows, conferences and consumer shows. /
260 _aCanada :
_bJohn Wiley & Sons Ltd,
_c2005.
300 _a301 p. :
_bill. ;
_c24 cm.
521 _aBSBA
650 _aTrade shows.
650 _aMarketing.
942 _cBK
_2lcc
_kFOR
999 _c22867
_d22867